| 000 | 00655nam a22001697a 4500 | ||
|---|---|---|---|
| 008 | 160614b xxu||||| |||| 00| 0 eng d | ||
| 082 |
_22011 _aUT 0312 _bOs53 |
||
| 100 |
_910214 _aOsma, Ethel Grace Joy D. |
||
| 245 |
_aPananaw ng mga mag-aaral tungkol sa gramatikang Filipino sa University of Mindanao Digos College/ _cEthel Grace Joy D. Osma [and three others]. |
||
| 260 |
_aDigos City: _bUMDC _cOktubre 2011. |
||
| 300 |
_a42 pages; _c27 cm. |
||
| 650 | 0 |
_910213 _aEducation _vFilipino _xUndergraduate thesis. |
|
| 700 |
_910210 _aSarmiento, Romnick D. |
||
| 700 |
_910211 _aCavan, Wilfredo S. _bJr. |
||
| 700 |
_910212 _aLugar, Jeramie M. |
||
| 942 |
_2ddc _cUT |
||
| 999 |
_c3061 _d3061 |
||